000
00308nam a2200121Ia 4500
008
220120s9999||||xx |||||||||||||| ||und||
082
_a
425 TRA
100
_a
Training Service
_9
11701
245
0
_a
Technical thinking spoken and written english
260
_b
Pune
300
_b
0
650
_a
COMPUTER NETWORK
999
_c
136913
_d
136913